00584nam a22001817a 450000500170000001000230001702000260004003500230006603700100008903700160009908200100011510000190012524501020014426000350024627000570028130000410033870000230037920110901115312.0 aG-001301 B-477213 a9788183280839c995.00 aG-001301 B-477213 bGift  bK.K.Pub/Ven a796.4 aNarang, Gagan  aThe commonwealth journey:bfrom Melbourne to New Delhi /cby Gagan Narang [and] Sunil Yash Kalra  aNew Delhi bWisdom Tree c2007 a4779/23, Ansari Road, Darya GanjbNew Delhi e110002 avii, 111p. bcol. photos c28cm(Hb)  a Kalra, Sunil Yash